000 00373nam a2200157Ia 4500
003 Ost
005 20260225132551.0
008 260225s9999||||xx |||||||||||||| ||und||
040 _cfsic
041 _afre
082 _a70.4
100 _aJacek Fuksiewiez
_eAuteur
245 0 _aLe cinéma et la télévision en Pologne /
245 0 _cJacek Fuksiewiez
942 _cكتاب
999 _c34161
_d34161